书目信息 |
| 题名: |
农业气象防灾调控工程与技术系统
|
|
| 作者: | 徐祥德 , 王馥棠 , 萧永生 编著 | |
| 分册: | ||
| 出版信息: | 北京 气象出版社 2002.04 |
|
| 页数: | 322页 | |
| 开本: | 26cm | |
| 丛书名: | ||
| 单 册: | ||
| 中图分类: | S42 | |
| 科图分类: | ||
| 主题词: | 农业气象--气象灾害--灾害防治 | |
| 电子资源: | ||
| ISBN: | 7-5029-3328-X | |
| 000 | 00957nam0 2200241 450 | |
| 001 | 002236163 | |
| 005 | 20100814145259.25 | |
| 010 | @a7-5029-3328-X@dCNY50.00 | |
| 100 | @a20100515d2002 emky0chiy0110 ea | |
| 101 | 0 | @achi |
| 102 | @aCN@b110000 | |
| 105 | @aa z 000yy | |
| 200 | 1 | @a农业气象防灾调控工程与技术系统@Anong ye qi xiang fang zai tiao kong gong cheng yu ji shu xi tong@f徐祥德, 王馥棠, 萧永生等编著 |
| 210 | @a北京@c气象出版社@d2002.04 | |
| 215 | @a322页@c照片@d26cm | |
| 330 | @a本书主要内容涵盖了影响我国农业生产的重大农业气象灾害的防灾减灾技术,同时将目前备受关注的“作物病虫害气象预测与防御”、“沙漠化与农业生态环境调控工程”和“全球与区域农业产量预测”等方面内容作为延伸编入本书,以飨读者。 | |
| 606 | 0 | @a农业气象@x气象灾害@x灾害防治 |
| 690 | @aS42@v4 | |
| 701 | 0 | @a徐祥德@Axu xiang de@4编著 |
| 701 | 0 | @a王馥棠@Awang fu tang@4编著 |
| 701 | 0 | @a萧永生@Axiao yong sheng@4编著 |
| 801 | 0 | @aCN@c20100515 |
| 905 | @dS42@eX820@f3 | |
| 农业气象防灾调控工程与技术系统/徐祥德, 王馥棠, 萧永生等编著.-北京:气象出版社,2002.04 |
| 322页:照片;26cm |
| ISBN 7-5029-3328-X:CNY50.00 |
| 本书主要内容涵盖了影响我国农业生产的重大农业气象灾害的防灾减灾技术,同时将目前备受关注的“作物病虫害气象预测与防御”、“沙漠化与农业生态环境调控工程”和“全球与区域农业产量预测”等方面内容作为延伸编入本书,以飨读者。 |
| ● |
| 相关链接 |
|
|
|
正题名:农业气象防灾调控工程与技术系统
索取号:S42/X820
 
预约/预借
| 序号 | 登录号 | 条形码 | 馆藏地/架位号 | 状态 | 备注 |
| 1 | 1029498 | 210294983 | 自科库401/401自科库 67排2列4层/ [索取号:S42/X820] | 在馆 | |
| 2 | 1029499 | 210294992 | 自科库401/401自科库 67排2列4层/ [索取号:S42/X820] | 在馆 | |
| 3 | 1029500 | 210295009 | 自科库401/401自科库 67排2列4层/ [索取号:S42/X820] | 在馆 |